The Exploits of Brigadier Gerard

Detalles Bibliográficos
Autor Principal: A. C. Doyle
Summary:Книга находится в премиум-версии платформы «Русский как иностранный».
Arthur Conan Doyle (1859 – 1930) was an English writer best known for his detective stories about Sherlock Holmes. This book is one of many wonderful historical stories about Brigadier Gerard, an officer in the French Army during the Napoleonic Wars, the bravest soldier, and one of the most gallant lovers in France.
Publicado: Москва, T8RUGRAM, 2018
Subjects:
Acceso en liña:Перейти к просмотру издания
Formato: MixedMaterials Electrónico

MARC

LEADER 00000 a2200000 4500
001 RU/ROS-EDU.RU/120339
856 4 |u https://www.ros-edu.ru/book?id=120339  |z Перейти к просмотру издания 
010 |a 97S-5-521-07173-9 
100 |a 20180101d2018 |||y0rusy0250  
105 |a y z 000zy 
101 0 |a rus 
102 |a RU 
200 1 |a The Exploits of Brigadier Gerard  |b Электронный ресурс  |f A. C. Doyle 
700 1 |b A. C.  |a Doyle  |4 070 
330 |a Arthur Conan Doyle (1859 – 1930) was an English writer best known for his detective stories about Sherlock Holmes. This book is one of many wonderful historical stories about Brigadier Gerard, an officer in the French Army during the Napoleonic Wars, the bravest soldier, and one of the most gallant lovers in France. 
210 |a Москва  |c T8RUGRAM  |d 2018 
610 1 |a художественная литература 
610 1 |a английский язык 
610 1 |a зарубежная проза 
610 1 |a классика 
610 1 |a рассказ 
675 |a 82 
686 |a 84  |2 rubbk 
300 |a Книга находится в премиум-версии платформы «Русский как иностранный». 
215 |a 254 с.